Die Gärten der Kőnige : Stimmungsbilder aus den preußischen Gärten in Berlin, Potsdam und der Mark Brandenburg /
Uložené v:
| Hlavný autor: | |
|---|---|
| Ďalší autori: | , |
| Médium: | Kniha |
| Jazyk: | German |
| Vydané: |
Műnchen :
Prestel,
2009.
|
| Vydanie: | 1. Aufl. |
| Témy: | |
| ISBN: |
9783791350134 (viaz.) |
| Fyzický popis: |
191 s. : fotogr. ; 29 cm. |
| Tagy: |
Pridať tag
Žiadne tagy, Buďte prvý kto otaguje tento záznam!
|
Titul je dostupný aj v ... 

MARC
| LEADER | 00000nam a22000004a 4500 | ||
|---|---|---|---|
| 001 | 000469430 | ||
| 005 | 20151015114002.0 | ||
| 008 | 150514s2009 gw o e 000 0 ger d | ||
| 020 | |a 9783791350134 (viaz.) | ||
| 040 | |a SVKKK |b slo |c SVKKK |e AACR2 | ||
| 041 | 0 | |a ger | |
| 043 | |a x------ | ||
| 044 | |a gw |c DE | ||
| 072 | 7 | |a 635 |x Záhradkárstvo |2 konspekt | |
| 080 | |a 635 |2 2001 | ||
| 080 | |a (100) |2 2001 | ||
| 080 | |a (084.11) |2 2001 | ||
| 100 | 1 | |a Heilmeyer, Marina | |
| 245 | 1 | 4 | |a Die Gärten der Kőnige : |b Stimmungsbilder aus den preußischen Gärten in Berlin, Potsdam und der Mark Brandenburg / |c text von Marina Heilmeyer ; Fotos von Hans Bach ; mit einer Einführung von Michael Rohde. |
| 246 | 3 | 1 | |a Royal gardens |
| 250 | |a 1. Aufl. | ||
| 260 | |a Műnchen : |b Prestel, |c 2009. | ||
| 300 | |a 191 s. : |b fotogr. ; |c 29 cm. | ||
| 546 | |a Súbežný názov a text aj angl. | ||
| 650 | 0 | 7 | |a kráľovské záhrady |2 SVKKKPH |
| 651 | 7 | |a krajiny sveta |2 SVKKKPH | |
| 655 | 7 | |a obrazové publikácie |2 SVKKKPH | |
| 700 | 1 | |a Bach, Hans |4 pht | |
| 700 | 1 | |a Rothe, Michael |4 aui | |
| 910 | |a svkkk | ||
| 919 | |a 978-3-7913-5013-4 | ||
| 998 | |a BK | ||
| 090 | |g SCKHL |k Sklad Hlavná 10 prízemie |a V.233454 |j 1064884 |i 2720292010 |s Absenčne | ||